|
|
|
|
| LEADER |
01403nam a22003612a 4500 |
| 001 |
000895674 |
| 003 |
CZ BrMZK |
| 005 |
20080503220755.0 |
| 007 |
ta |
| 008 |
080503s1979 xr er|||||||||||cze d |
| 015 |
|
|
|a cnb000130102
|
| 020 |
|
|
|q (Brož.) :
|c Kčs 19,00
|
| 035 |
|
|
|a (OCoLC)17316690
|
| 040 |
|
|
|a ABA001
|b cze
|c ABA001
|d ABA001
|
| 041 |
1 |
|
|a cze
|h eng
|
| 100 |
1 |
|
|a Aldiss, Brian W.
|q (Brian Wilson),
|d 1925-2017
|7 jn19990000097
|4 aut
|
| 245 |
1 |
0 |
|a Nonstop /
|c Brian W. Aldiss ; [přeložili Veronika a Jaroslav Veisovi]
|
| 250 |
|
|
|a Vyd. 1.
|
| 260 |
|
|
|a Praha :
|b Odeon,
|c 1979
|
| 300 |
|
|
|a 238 s. ;
|c 8°
|
| 490 |
1 |
|
|a Čtení na dovolenou
|
| 500 |
|
|
|a Přeloženo z angličtiny
|
| 500 |
|
|
|a 50000 výt.
|
| 520 |
2 |
|
|a Vědeckofantastický román předního anglického autora science fiction (nar. 1925) rozvíjí příběh posádky vesmírné lodi stižené nehodou a plující bez cíle vesmírem.
|
| 700 |
1 |
|
|a Maxová, Veronika,
|d 1948-
|7 jk01141899
|4 trl
|
| 700 |
1 |
|
|a Veis, Jaroslav,
|d 1946-
|7 jk01141898
|4 trl
|
| 765 |
0 |
|
|t Non-stop
|9 Česky
|
| 830 |
|
0 |
|a Čtení na dovolenou
|0 s
|
| 856 |
4 |
1 |
|u http://www.digitalniknihovna.cz/mzk/uuid/uuid:980afc90-8ef7-11e3-bd09-005056827e51
|y Digitalizovaný dokument
|x NDK
|
| 910 |
|
|
|a BOA001
|b 1-0815.060
|
| 990 |
|
|
|a BK
|
| 991 |
|
|
|b 200804
|
| 996 |
6 |
|
|b 2619614928
|c 1-0815.060
|l MZK
|r Sklad / do 1 hodiny
|n 0
|w 000895674
|u 000010
|a 1
|e BOA001
|j MZK50
|s P
|